000 00536nam a2200181Ia 4500
008 090124s9999 xx 000 0 und d
082 _b20871
_a6405
100 _aमुसळे गोविंद ना
245 _a गर्दगुलाबी
250 _a1
260 _c1975
300 _a164
600 _aमुसळे गोविंद ना
630 _a गर्दगुलाबी
700 _aमुसळे गोविंद ना
730 _a गर्दगुलाबी
942 _cBOOK
999 _c134672
_d134672